Music Quiz

Random Music or Quick Pick Quiz

Quick Pick: Which John? Quiz Stats

 Plays Quiz not verified by Sporcle

Challenge
Share
Tweet
Embed
Score 0/12 Timer 01:30
0 Plays Today
% Correct
John Lennon
97%
John Denver
93.5%
John Mellencamp
87.7%
John Legend
64.4%
John Fogerty
63%
John Mayer
61%
John Waite
53.7%
John Parr
50.7%
John Lee Hooker
49.1%
John Farnham
39%
John Coltrane
36.2%
John Miles
31.5%

You're not logged in!

Compare scores with friends on all Sporcle quizzes.
OR
Log In

You Might Also Like...

Show Comments

Extras

Top Quizzes Today


Score Distribution

Your Account Isn't Verified!

In order to create a playlist on Sporcle, you need to verify the email address you used during registration. Go to your Sporcle Settings to finish the process.

Report this User

Report this user for behavior that violates our Community Guidelines.

Details: